000 00690cab a2200217 4500
001 WB3435-08
008 090401t1998 xxu||||| |||| 00| 0 eng d
035 _a(Sirsi) u88499
041 _aeng
245 _aTerminate the termite
260 _c1998
350 _a0
490 _aSunday Telegraph
_v13 September 1998, 14(1)
520 _aTermites are to be subject to new controls in an attempt to stop colonies escaping from pest control companies under legislation to be issued by the Forestry Commission.
650 _aFORESTRY COMMISSION
650 _aLEGISLATION
650 _aTERMITES
690 _aBUILT ENVIRONMENT-BUILDING PATHOLOGY
942 _n0
948 _c15/09/1998
999 _c55916
_d55916